01483nam a2200313Ia 450000500170000000800410001702000150005808200200007310000410009324500980013425000190023230000270025149000620027850400270034065000520036765000430041965000450046265000580050794200170056526400380058233600270062033700330064733800280068004000350070899900150074395201400075895201310089895201400102920220317000551.0160601s2005 ck a g 000 0 spa  a958665075804a613.9071 bC17e1 aCardinal de Martín, Ceciliad1924-10aEducación sexual bun proyecto humano de múltiples facetas cCecilia Cardinal de Martín a1a. edición  a236 páginas c22 cm  aBiblioteca universitariapCiencias sociales y humanidades aIncluye bibliografía142LEMBaEducación sexual xHistoria zColombia 142LEMBaEducación sexual para niños 142LEMBaEducación sexual para jóvenes 142LEMBaRelaciones de pareja xAspectos psicológicos  2ddccLIBELEC aBogotá bSiglo del Hombrec2005 atextobtxt2rdacontent asin mediaciónbn2rdamedia avolumenbnc2rdacarrier aCO-BoRNBPbspaerdacCO-BoRNBP c4416d4416 00102ddc40708GENaMEMAPIRIbMEMAPIRIcGENd2024-01-03l0o613.9071 C17epMAP0000696r2024-01-03 22:15:44tEj.1w2024-01-03yLIBELEC 00102ddc40708GENaMEURIBEbMEURIBEcGENd2024-08-02l0o613.9071 C17epURI00715r2024-08-02 09:31:29tEj.1w2024-08-02yBK 00102lcc40708GENaMEPCONCObMEPCONCOcGENd2026-02-13l0o613.9071 C17epPCON01036r2026-02-13 19:45:07tEj.1w2026-02-13yLIBELEC